000 00343nam a2200157Ia 4500
100 _aAlbin/Stephen
650 _aSoftware architecture
942 _cBK
366 _f25
245 _aArt of Software Architecture
260 _bWiley India
_c2003
082 _a005/12
_bALB
300 _a312
546 _aENGLISH
_cPAMPHALETS
999 _c25602
_d25602